000 00316 a2200157 4500
001 147511
040 _cEscola São Tomás de Aquino
100 _aSANTORO, Ângela
240 1 0 _aAzul
_lpor
245 1 0 _aAzul
300 _a15
362 0 _a1985
440 1 _a
697 _a*LITERATURA INFANTO
942 _cBK
999 _c147511
_d147511